Stranger Things Episode Titles - Statistics

General Stats
  • This quiz has been taken 552 times
  • The average score is 27 of 42
Answer Stats
Hint Episode % Correct
1 The Vanishing of Will Byers
90%
8 The Upside Down
80%
2 The Vanishing of Holly Wheeler
80%
8 The Battle of Starcourt
77%
8 The Rightside Up
76%
1 MADMAX
74%
1 The Crawl
73%
9 The Piggyback
72%
4 Dear Billy
71%
4 Sorcerer
71%
5 Shock Jock
68%
1 Suzie, Do You Copy?
68%
7 The Lost Sister
68%
9 The Gate
67%
3 The Turnbow Trap
67%
6 Escape from Camazotz
65%
8 Papa
65%
7 The Bridge
65%
1 The Hellfire Club
65%
7 The Massacre at Hawkins Lab
65%
8 The Mind Flayer
65%
2 The Weirdo on Maple Street
65%
3 Holly, Jolly
64%
6 The Monster
62%
2 Vecna's Curse
62%
4 The Body
61%
5 The Nina Project
61%
2 Trick or Treat, Freak
61%
2 The Mall Rats
60%
4 The Sauna Test
60%
6 The Spy
60%
5 The Flea and The Acrobat
58%
7 The Bathtub
57%
5 The Flayed
57%
4 Will the Wise
56%
5 Dig Dug
55%
3 The Case of the Missing Lifeguard
53%
3 The Pollywog
52%
6 E Pluribus Unum
51%
7 The Bite
51%
6 The Dive
50%
3 The Monster and the Superhero
49%
No matching quizzes found
Score Distribution
Percent of People with Each Score
Percentile by Number Answered
Your Score History
You have not taken this quiz